000 00292nam a22001337a 4500
008 181101b xxu||||| |||| 00| 0 eng d
020 _a9781416039402
041 _aeng
080 _22nd
_a615
100 _a5
101 _aFAR
245 _aPharmacy Technician
_cHopper,T
942 _2udc
_cBK
999 _c51395
_d51395